| 000 | 00548nam a2200169 i 4500 | ||
|---|---|---|---|
| 001 | 90757 | ||
| 003 | ES-MaACL | ||
| 005 | 20230906180542.0 | ||
| 007 | t| | ||
| 008 | 050124s1981 sp ||||1| spa d | ||
| 100 | 1 |
_aLeithe, Wolfgang. _971406 |
|
| 245 | 1 | 3 |
_aLa química y la protección del medio ambiente / _cWolfgang Leithe ; [traducido por José Antonio Díaz Pinilla]. |
| 260 |
_aMadrid : _b[Paraninfo, _c1981] |
||
| 300 |
_a159 p. : _bil. ; _c22 cm. |
||
| 700 | 1 |
_aDíaz Pinilla, José Antonio. _944394 |
|
| 852 |
_aES-MaACL _jL-587 _bR.101224 |
||
| 999 |
_c90757 _d90757 |
||